Sześć najbliższych krajów – Korea Południowa - Statystyki

Ogólne statystyki
  • Ten quiz został rozwiązany 163 razy
  • Średni wynik to 5 z 6
Statystyki odpowiedzi
km kraj % Poprawnych
0 Korea Północna
97%
263 Chiny
92%
50 Japonia
90%
455 Rosja
75%
990 Tajwan
59%
1040 Mongolia
36%
Nie znaleziono quizów pasujących do podanych kryteriów
Rozkład punktacji
Procent ludzi z każdym wynikiem
Percentyl według liczby udzielonych odpowiedzi
Twoja historia wyników
Nie rozwiązałeś tego quizu